| 000 | 00687nam a2200217 i 4500 | ||
|---|---|---|---|
| 001 | 101301 | ||
| 003 | ES-MaACL | ||
| 005 | 20230906182852.0 | ||
| 007 | t| | ||
| 008 | 051017s1985 sp ||||1| gao d | ||
| 020 | _a84-7492-361-5 | ||
| 100 | 1 |
_aMayobre Rodríguez, Purificación. _979398 |
|
| 245 | 1 | 0 |
_aDebates ideolóxicos na Compostela do XIX / _cPurificación Mayobre Rodríguez. |
| 260 |
_aSada, A Coruña : _bEdiciós do Castro, _c1985. |
||
| 300 | _a203 p., 2 h. de lám. | ||
| 490 | 1 | _aSerie Liminar. Historia | |
| 504 | _aBibliografía: p. 155-161. | ||
| 830 | 0 |
_aSerie Liminar. Historia _9232471 |
|
| 852 |
_aES-MaACL _jL-11967 _bR.114078 |
||
| 999 |
_c101301 _d101301 |
||